000 00776nas a2200253 4500
001 BR2014002125
003 BR-BrBNA
005 20231205123855.0
007 ta
008 230509b bl.|||p| |||| 00| 00por d
040 _aBR-BrBNA
_bpor
_cBiblioteca Nacional de Agricultura
041 _a(En)
072 _aL60; L20
100 1 _aArruda, R.
100 1 _aRodrigues, D.J.
100 1 _aIzzo, T.J.
245 1 _aRapid assessmebnt of fruit-color selection by birds usingh artificial fruits at local scale in Central Amazonia
650 _aAVE
650 _aFRUTO
650 _aECOLOGIA ANIMAL
773 0 _tActa Amazonica (Brazil)
_xISSN 0044-5967
_g(Jun 2008), v. 38(2) p. 291-296
_wBR2014002125
909 _a202311
_bLúcia
_c55
_dLúcia Elande
942 _2AGRIS
_n0
_cANA
999 _c236143
_d236143